Explicación detallada del nuevo sistema métrico decimal de medidas y pesas : de uso obligatorio para todos los españoles desde 1º de enero de 1869... : obra especialmente dedicada á la clase obrera / por Manuel Gispert de uso obligatorio para todos los españoles desde 1º de enero de 1869... :
Descripción Física:
16 p. ; 22,8 cm
MARC
| LEADER | 00000nam a2200000Ia 4500 | ||
|---|---|---|---|
| 001 | 12789 | ||
| 008 | 160829s1869 xx 000 0 cat d | ||
| 080 | |a RF-8-63 | ||
| 100 | |a Gispert Pujals, Manuel |9 46782 | ||
| 245 | |a Explicación detallada del nuevo sistema métrico decimal de medidas y pesas : |b de uso obligatorio para todos los españoles desde 1º de enero de 1869... : |b obra especialmente dedicada á la clase obrera / por Manuel Gispert | ||
| 260 | |a Barcelona : |b [s.n.], |c 1869 | ||
| 300 | |a 16 p. ; |c 22,8 cm | ||
| 590 | |a Prové de 951 exp. 6 | ||
| 650 | |a Sistema mètric |9 46848 | ||
| 650 | |a Pesos i mesures |9 46784 | ||
| 856 | 4 | |u https://media.diba.cat/diba/fitxers/arxiu/fulletons/bib_12789_1869_baixa.pdf |y Accés lliure | |
| 856 | 4 | |u https://media.diba.cat/diba/fitxers/arxiu/fulletons/bib_12789_1869_baixa.pdf |y Accés lliure | |
| 901 | |a Arxiu | ||
| 942 | |n 1 |2 udc | ||
| 952 | |0 0 |1 0 |4 0 |6 RF863 |7 1 |9 53488 |a Arxiu |b Arxiu |d 2016-12-01 |l 0 |o RF-8-63 |p 12789 |r 2016-12-01 00:00:00 |w 2016-12-01 |y ARXIU | ||
| 999 | |c 57354 |d 57354 | ||
| 900 | |a bib_12789_1869_baixa.pdf | ||